| 000 | 00758cam a2200217 a 4500 | ||
|---|---|---|---|
| 001 | 3452733 | ||
| 005 | 20241128140815.0 | ||
| 008 | 920424s1994 ilua 001 0 eng | ||
| 020 | _a0844258008 | ||
| 050 | 0 | 0 |
_aP95 _b.G3 1994 |
| 082 | 0 | 0 |
_a302.2/242 _220 |
| 100 | 1 | _aGalvin, Kathleen M. | |
| 245 | 1 | 0 |
_aPerson to person : _ban introduction to speech communication / _cKathleen M. Galvin, Cassandra Book. |
| 250 | _a5th ed. | ||
| 260 |
_aLincolnwood, Ill, USA : _bNational Textbook Co., _cc1994. |
||
| 300 |
_axiii, 491 p. : _bill. (some col.) ; _c24 cm. |
||
| 500 | _aIncludes index. | ||
| 700 | 1 | _aBook, Cassandra L. | |
| 856 | 4 | 2 |
_3Contributor biographical information _uhttp://www.loc.gov/catdir/enhancements/fy0737/92060376-b.html |
| 942 |
_2lcc _cBK _n0 |
||
| 999 |
_c1710 _d1710 |
||